We thought God was a monster. (Record no. 12571)

000 -LEADER
fixed length control field 00636nam a2200217 a 4500
001 - CONTROL NUMBER
control field :::00010378$&:&@@
003 - CONTROL NUMBER IDENTIFIER
control field OkBaRHE
005 - DATE AND TIME OF LATEST TRANSACTION
control field 20000607103358.0
008 - FIXED-LENGTH DATA ELEMENTS--GENERAL INFORMATION
fixed length control field s1978 j 000 0 eng u
040 ## - CATALOGING SOURCE
Transcribing agency
100 1# - MAIN ENTRY--PERSONAL NAME
Personal name Coppin, Ezra.
245 10 - TITLE STATEMENT
Title We thought God was a monster.
260 ## - PUBLICATION, DISTRIBUTION, ETC. (IMPRINT)
Place of publication, distribution, etc San Marcos, CA., :
Name of publisher, distributor, etc Ezra Coppin Evangelistic Association
Date of publication, distribution, etc c1978
300 ## - PHYSICAL DESCRIPTION
Extent 133 p. ;
Dimensions 22 cm.
650 ## - SUBJECT ADDED ENTRY--TOPICAL TERM
Topical term or geographic name as entry element Christian Life
650 ## - SUBJECT ADDED ENTRY--TOPICAL TERM
Topical term or geographic name as entry element Healing
650 ## - SUBJECT ADDED ENTRY--TOPICAL TERM
Topical term or geographic name as entry element Setser, Eva.
650 ## - SUBJECT ADDED ENTRY--TOPICAL TERM
Topical term or geographic name as entry element Setser, Galen.
942 ## - ADDED ENTRY ELEMENTS (KOHA)
Source of classification or shelving scheme
Koha item type Books
Copies
Not for loan Permanent Location Withdrawn status Lost status Koha item type Shelving location Copy number Date acquired Barcode Date last seen Price effective from Damaged status Full call number Source of classification or shelving scheme
 RHEMA Bible Training College  BooksGeneral Stacks12010-04-14103782010-04-142010-04-14 BV 4501 .C6